| 000 | 00716nam a2200265Ia 4500 | ||
|---|---|---|---|
| 008 | 160216s9999 xx 000 0 und d | ||
| 020 | _a0-7487-8032-7 | ||
| 050 | _aMAIN BF 121 | ||
| 050 | _b.R87 2004 | ||
| 100 | _aRussell, Julia | ||
| 245 | _aAngles on psychology / | ||
| 245 | _cJulia Russell, Matt Jarvis, Phil Gorman. | ||
| 250 | _a2nd Edition | ||
| 260 | _aUnited Kingdon : | ||
| 260 | _bNelson Thomes Ltd. | ||
| 260 | _c2004 | ||
| 300 | _a300 pages : | ||
| 300 | _bcol. ill. ; | ||
| 300 | _c28 cm. | ||
| 500 | _aIncludes bibliographical references and index. | ||
| 650 | _aPsychology -- | ||
| 650 | _aPsychology -- | ||
| 650 | _xExaminations -- Study guides. | ||
| 650 | _xTextbooks. | ||
| 999 |
_c290847 _d290847 |
||